Statistics for Cities With One Million People by Letter - M

Click here to take the quiz!

General Stats

  • This quiz has been taken 1,147 times
  • The average score is 34 of 56

Answers on the Map

Answers color-coded by a green-red scale on the quiz's map according to % correct below.
 

Answer Stats

City% Correct
Madrid
98%
Moscow
97%
Manchester
96%
Milan
96%
Munich
96%
Melbourne
95%
Melbourne
95%
Minsk
95%
Manila
94%
Miami
94%
Montréal
93%
Marseille
92%
Mexico City
91%
Montevideo
91%
Mumbai
90%
Mecca
89%
Minneapolis
88%
Mogadishu
87%
Muscat
83%
Managua
80%
Manama
78%
Medellín
78%
Monrovia
78%
Maputo
77%
Memphis
77%
Manaus
76%
Milwaukee
75%
Monterrey
75%
Málaga
72%
Medina
71%
Mombasa
71%
Maracaibo
64%
Marrakesh
64%
Mannheim
57%
Medan
51%
Mandalay
50%
Mosul
50%
Mérida
45%
Mashhad
44%
Mendoza
41%
Mexicali
39%
Makassar
30%
McAllen
27%
Multan
27%
Mbuji-Mayi
26%
Maracay
21%
Madurai
20%
Maceió
19%
Maiduguri
19%
Mysore
16%
Meerut
13%
Malang
12%
Maoming
11%
Morādābād
11%
Ma'anshan
8%
Mianyang
6%

Score Distribution

Percentile by Number Answered

Percent of People with Each Score

Your Score History

You have not taken this quiz